000 01464nam a2200253 i 4500
001 153540
003 ES-MaACL
005 20250809040613.0
008 960321s1785 it |||| | lat d
040 _aCYL
_bspa
_cCYL
100 1 _aDomat, Jean.
_945060
245 1 0 _aLeges civiles juxta naturalem earum ordinem
_b: jus publicum & legum delectus /
_cauctore celebri Domat ... ; Tomus 1[-4.].
250 _aEditio prima latina, in qua nil desideratur ex iis omnibus quae in postrema editione Gallica Parisiis facta ocurrunt.
260 _aVenetiis :
_bsumptibus Francisci ex Nicolao Pezzana,
_c1785.
300 _a3 v. (XX, LXIV, 512, 4 p. ; VIII, 375 p. ; XVI, 540 p.) ;
_c4º.
500 _aFalta tomo III.
505 8 _aContiene: 1: Tractatus de legibus in genere. De legibus civilibus juxta naturalem earum ordinem.. -- 2: De legibus civilibus pars altera De successionibus per hæreditatem -- 3: Jus publicum quatuor libris complectens: 1. De gubernatione et regimine generali reipublicæ ... --· 4: Legum delectus
595 _aDatos de ed. preceden a "Tomus I"
597 _aSign.: *4, 2*6, a-cs8, d6, e2, A-Z8, 2A-28, [ ]2 ; []4, A-Z8, 2A4 ; a8, A-Z8, 2A-2K, 2L6.
597 _aPort. con viñeta xil.
650 0 7 _aDerecho civil
_2embne
_911656
852 _aES-MaACL
_jR-188-90
_z-- Enc. perg.
_x-- Edic.: Texto a dos col. -- añadir [4] p. al final, con sign. [ ]\p2\s
_x Olim: C-2415-17
999 _c153540
_d153540